Statistics for 15 DC and Marvel superheroes by nicknames

Click here to take the quiz!

General Stats

  • This quiz has been taken 605 times
  • The average score is 11 of 15

Answer Stats

HintAnswer% Correct
the dark knightbatman
99%
the man of steelsuperman
98%
web-headspiderman
96%
the god of thunderThor
95%
the green ringgreen lantern
88%
green goliathhulk
87%
the green archergreen arrow
86%
the amazing amazonwonder woman
84%
the ol' striped avengercaptain america
82%
"Logon"wolverine
82%
the boy wonderrobin
65%
the scarlet speedsterthe flash
61%
the vampire slayerblade
51%
shellheadiron man
39%
the man without feardaredevil
35%

Score Distribution

Percentile by Number Answered

Percent of People with Each Score

Your Score History

You have not taken this quiz